书目信息 |
| 题名: |
爱乐
|
|
| 作者: | 梁一群 , 贺秋帆 编著 | |
| 分册: | ||
| 出版信息: | 杭州 浙江人民出版社 1999.3 |
|
| 页数: | 428页 | |
| 开本: | 20cm | |
| 丛书名: | ||
| 单 册: | ||
| 中图分类: | J605.1 | |
| 科图分类: | ||
| 主题词: | 音乐--艺术作品--艺术评论--世界 , 音乐欣赏--世界 | |
| 电子资源: | ||
| ISBN: | 7-213-01609-1 | |
| 000 | 00666nam0 2200229 45 | |
| 001 | 0012041493 | |
| 005 | 20041118094459.8 | |
| 010 | @a7-213-01609-1@dCNY40.00 | |
| 100 | @a20001204d1999 km y0chiy0120 ea | |
| 101 | 0 | @achi |
| 105 | @a z 000yy | |
| 200 | 1 | @a爱乐@AAi Yue@eCD经典@ECD Jing Dian@f梁一群,贺秋帆编著@FLiang Yi Qun,HeQiu Fan Bian Zhu |
| 210 | @a杭州@c浙江人民出版社@d1999.3 | |
| 215 | @a428页@c插图@d20cm | |
| 517 | @aCD经典 | |
| 606 | 0 | @a音乐@x艺术作品@x艺术评论@y世界 |
| 606 | 0 | @a音乐欣赏@y世界 |
| 690 | @aJ605.1@v1 | |
| 701 | 0 | @a梁一群@4编著 |
| 701 | 0 | @a贺秋帆@4编著 |
| 801 | @aCN@bTSTC@c20001204 | |
| 905 | @b293571-572@dJ605.1@e173@f2 | |
| 爱乐:CD经典/梁一群,贺秋帆编著.-杭州:浙江人民出版社,1999.3 |
| 428页:插图;20cm |
| ISBN 7-213-01609-1:CNY40.00 |
| ● |
| 相关链接 |
|
|
|
|
正题名:爱乐
索取号:J605.1/173
 
预约/预借
| 序号 | 登录号 | 条形码 | 馆藏地/架位号 | 状态 | 备注 |
| 1 | 0293571 | 002935710 | 第一借阅区/ [索取号:J605.1/173] | 在馆 | |
| 2 | 0293572 | 002935729 | 第一样本阅览室/ [索取号:J605.1/173] | 在馆 |